Les 12 coups de midi | Coup fatal #14 - Statistiques

Statistiques générales
  • Ce quiz a été pris 197 fois
  • Le résultat moyen est 6 sur 15
Statistiques - réponses
Questions Réponses % Correct
Quel instrument de musique peut être "basse", "sèche" ou "électrique" ? guitare
95%
A quel jour de la semaine le verbe endimancher fait-il référence ? dimanche
93%
Quelle partie d'un avion est destinée à stocker les bagages les plus volumineux ? soute
92%
Parmi les 7 nains, lequel est toujours content ? joyeux
75%
Quelle princesse de jeu vidéo règne sur le royaume d'Hyrule ? Zelda
58%
Quelle ville possède un stade surnommé "Le Chaudron" ? Saint-Etienne
49%
Dans quel pays peut-on visiter le palais de l'Alcazar ? Espagne
44%
Dans "Lettres de mon moulin", à qui appartient la chèvre Blanquette ? Seguin
29%
Qui incarne Malik, le héros du film "Un prophète" de Jacques Audiard ? Tahar Rahim
16%
Qui est l'interprète de la chanson "Prendre un enfant" en 1977 ? Yves Duteil
9%
En 1994, dans "Le Roi Lion", qui est la voix française de Mufasa ? Jean Reno
6%
Dans quel roman sorti en 1973 Soljenitsyne dévoile-t-il la réalité du goulag soviétique ? L'Archipel du Goulag
6%
Quel groupe de funk a été fondé par Maurice White en 1969 ? Earth, Wind and Fire
5%
Quel désert californien abrite la Vallée de la Mort ? Mojaves
3%
Quelle ville est la capitale de la région d'Espagne Castille-La Manche ? Tolède
3%
Aucun quiz correspondant
Distribution des résultats
% des personnes avec chaque résultat
Percentile par nombre de réponses
Votre historique - résultats
Vous n’avez pas pris ce quiz